Evaluación de la gestión municipal en el manejo de los desechos sólidos de la ciudad de Limón
Wedi'i Gadw mewn:
| Prif Awdur: | |
|---|---|
| Fformat: | Llyfr |
| Cyhoeddwyd: |
San José, C.R.
2000
|
| Pynciau: | |
| Tagiau: |
Ychwanegu Tag
Dim Tagiau, Byddwch y cyntaf i dagio'r cofnod hwn!
|
MARC
| LEADER | 00000nam a2200000Ia 4500 | ||
|---|---|---|---|
| 003 | 010173 | ||
| 005 | 20221231144209.0 | ||
| 008 | 140114s2000 cr a m 000 ||s d | ||
| 040 | |c cru CEDI | ||
| 090 | |a TFG 4181 | ||
| 100 | |a Roper Small, Naomi |9 8173 | ||
| 245 | |a Evaluación de la gestión municipal en el manejo de los desechos sólidos de la ciudad de Limón | ||
| 260 | |c 2000 |a San José, C.R. | ||
| 300 | |a 113 , [36] hojas : ilustraciones (algunas a color) | ||
| 500 | |a Tesis (licenciatura en Ingeniería Civil)--Universidad de Costa Rica. Facultad de Ingeniería. Escuela de Ingeniería Civil | ||
| 650 | |x RESIDUOS SOLIDOS |x MANIPULACION |x BASURAS Y APROVECHAMIENTO DE BASURAS |x RELLENOS SANITARIOS |x INVESTIGACIONES |x GESTION MUNICIPAL |9 8174 | ||
| 942 | |c TFG | ||
| 999 | |c 18285 |d 18285 | ||
